Flagi wybranych państw #2 - Statystyki

Ogólne statystyki
  • Ten quiz został rozwiązany 5 014 razy
  • Średni wynik to 19 z 20
Statystyki odpowiedzi
Obrazkowy Odpowiedź % Poprawnych
Hiszpania
100%
Niemcy
100%
Argentyna
99%
Austria
97%
Cypr
97%
Szwajcaria
97%
Turcja
97%
Ukraina
97%
Finlandia
96%
Indie
96%
Korea Południowa
96%
Dania
95%
Chile
94%
Arabia Saudyjska
93%
Islandia
93%
Urugwaj
90%
Wietnam
87%
Tajlandia
84%
Kambodża
72%
Tajwan
72%
Nie znaleziono quizów pasujących do podanych kryteriów
Rozkład punktacji
Procent ludzi z każdym wynikiem
Percentyl według liczby udzielonych odpowiedzi
Twoja historia wyników
Nie rozwiązałeś tego quizu